Zlato na ústupe?
Vysoké ceny zlata ako príčina jeho nedostupnosti pre čoraz širší okruh zákazníkov. Klesajúca tendencia obchodu so zlatými šperkami. Možnosť nákupu výmenou starého zlata. Dominancia šperkov z dovozu nad domácimi výrobkami. Záujem o šperky s nižším obsahom zlata. Predaj zlatých šperkov cez internet. N...
Salvato in:
| Autore principale: | |
|---|---|
| Altri autori: | |
| Natura: | Capitolo di libro |
| Lingua: | slovacco |
| Soggetti: | |
| Tags: |
Nessun Tag, puoi essere il primo ad aggiungerne!!
|
MARC
| LEADER | 00000naa a2200000 4500 | ||
|---|---|---|---|
| 001 | 0151439 | ||
| 005 | 20231009104706.2 | ||
| 041 | 0 | |a slo | |
| 044 | |a SK | ||
| 245 | 1 | 0 | |a Zlato na ústupe? |c Juraj Kantorík, Martina Jurinová |
| 520 | |a Vysoké ceny zlata ako príčina jeho nedostupnosti pre čoraz širší okruh zákazníkov. Klesajúca tendencia obchodu so zlatými šperkami. Možnosť nákupu výmenou starého zlata. Dominancia šperkov z dovozu nad domácimi výrobkami. Záujem o šperky s nižším obsahom zlata. Predaj zlatých šperkov cez internet. Nezáujem mladých ľudí o zlaté šperky. | ||
| 610 | 2 | 0 | |a zlato |
| 610 | 2 | 0 | |a hodnota |
| 610 | 2 | 0 | |a ceny |
| 610 | 2 | 0 | |a obchod elektronický |
| 610 | 2 | 0 | |a predaj |
| 610 | 2 | 0 | |a investície |
| 610 | 2 | 0 | |a trh |
| 100 | 1 | |a Kantorík, Juraj | |
| 700 | 1 | |a Jurinová, Martina | |